1572 1590 1399 1053 1258 1968 1098 1907 1532 1772 1883 1120 1010 1351 1714 1712 1666 1854 1764 1713 1037 1780 1947 1146 1247 1029 1854 1481 1847 1224 1229 1845 1237 1960 1607 1022 1352 1780 1488 1779 1844 1865 1959 1561 1178 1365 1721 1302 1910 1959 1934 1159 1784 1585 1865 1006 1171 1406 1216 1936 1753 1803 1511 1431 1366 1937 1372 1586 1034 1427 1534 1609 1304 1837 1983 1916 1073 1208 1824 1005 1029 1489 1037 1558 1246 1973 1418 1486 1597 1244 1094 1314 1879 1753 1162 1892 1700 1594 1456 BCNSPRNW ULIB Ver.6.0+V

เปลี่ยนเป็นภาษาไทย

Change to English
 แสดงรายละเอียดบรรณานุกรม
  กลับหน้าหลัก

Brief Record : Get Marc (ISO 2709) : E-mail record : QR code < ปิดหน้าต่าง
LEADER : 00000nam 2200000uu 4500
001    13399110890
003     ULIB
008    110613s||||||||th 000 0 tha d
020    9748679241(ล.9)
050  4 AC158^bF111D ล.9 2005
100 0  Florentiis, Giuseppe De
245    ดิสนีย์ส (Disney s) โลกมหัศจรรย์ : วิทยาศาสตร์และเทคโนโลยี/ ^cผู้แปลและเรียบเรียง ศูนย์การแปล คณะอักษณศาสตร์ จุฬาลงกรณ์มหาวิทยาลัย ; บรรณาธิการ ชาญศักดิ์ พงษ์สุวรรณ
260    กรุงเทพฯ : ^bโกเลียร์อินเตอร์เนชั่นแนล, ^c2005
300    20 เล่ม : ^bภาพประกอบ ; ^c26 ซม.
592    Buddhist era
650  7 ความรู้ทั่วไป
650  7 วิทยาศาสตร์
650  7 เทคโนโลยี
700    ชาญศักดิ์ พงษ์สุวรรณ, ^eบรรณาธิการ
710    จุฬาลงกรณ์มหาวิทยาลัย. ^bคณะอักษรศาสตร์. ^bศูนย์การแปล
945    ^p850^l0^i023035
995    ทศพร
999 ^a ใช้งานได้ทุกระบบ
รายการนี้ยังไม่มีแท็ก
คุณยังไม่ได้ล็อกอิน คุณสามารถมีกิจกรรมร่วมกับเว็บไซต์ได้ แต่ต้องล็อกอินก่อน ::
  ล็อกอิน

รายการสื่อสารสนเทศ

ลำดับที่ ประเภท เลขเรียก/บาร์โค้ด สถานที่ สถานะ
- ไม่พบข้อมูล -

รายการใกล้เคียง
    ผู้แต่ง [Florentiis, Giuseppe De]

    หัวเรื่อง [ความรู้ทั่วไป]
    หัวเรื่อง [วิทยาศาสตร์]
    หัวเรื่อง [เทคโนโลยี]

BibComment


ยังไม่เคยถูกคอมเมนท์

คอมเมนท์ทรัพยากรรายการนี้
  คอมเมนท์: ดิสนีย์ส Disney s..


 Copyright 2026. Bcnsprnw @Library